Noms de domaines internet (Europe) - Statistiques

Statistiques générales
  • Ce quiz a été pris 150 fois
    141 depuis la dernière actualisation
  • Le résultat moyen est 27 sur 43
Statistiques - réponses
Hint Réponse % Correct
Albanie .al
99%
Belgique .be
98%
Espagne .es
95%
France .fr
94%
Italie .it
91%
Finlande .fi
90%
Grèce .gr
90%
Allemagne .de
89%
Islande .is
88%
Luxembourg .lu
86%
Andorre .ad
84%
Roumanie .ro
84%
Norvege .no
81%
Portugal .pt
81%
Russie .ru
81%
Royaume-Uni .co.uk / .uk
79%
Autriche .at
78%
Pologne .pl
78%
Danemark .dk
75%
Liechtenstein .li
73%
Saint-Marin .sm
73%
Lituanie .lt
68%
Monaco .mc
66%
République tchèque .cz
63%
Moldavie .md
63%
Malte .mt
59%
Vatican .va
53%
Hongrie .hu
52%
Suède .se
51%
Irlande .ie
49%
Pays-Bas .nl
47%
Slovaquie .sk
43%
Monténégro .me
42%
Suisse .ch
39%
Ukraine .ua
38%
Lettonie .lv
36%
Estonie .ee
34%
Croatie .hr
34%
Bielorussie .by
27%
Slovénie .si
24%
Bosnie-Herzegovine .ba
19%
Macedoine du Nord .mk
16%
Serbie .rs
13%
Aucun quiz correspondant
Distribution des résultats
% des personnes avec chaque résultat
Percentile par nombre de réponses
Votre historique - résultats
Vous n’avez pas pris ce quiz depuis la dernière actualisation